Statystyki dla Miasta powiatowe (woj. kujawsko-pomorskie)

Kliknij tutaj aby rozwiązać quiz!

Ogólne statystyki

  • Ten quiz został rozwiązany 167 razy
  • Średni wynik to 13 z 19

Statystyki odpowiedzi

Liczba ludnościMiasto% Poprawnych
351 254Bydgoszcz
100%
202 482Toruń
99%
111 319Włocławek
94%
95 354Grudziądz
91%
73 318Inowrocław
89%
18 406Nakło na Notecią
70%
12 223Aleksandrów Kujawski
68%
25 912Świecie
68%
28 731Brodnica
66%
13 980Żnin
66%
16 420Rypin
64%
19 802Chełmno
63%
11 928Mogilno
63%
14 556Lipno
61%
13 766Tuchola
61%
12 762Golub-Dobrzyń
59%
5 625Radziejów
53%
13 672Wąbrzeźno
50%
9 203Sępólno Krajeńskie
47%

Rozkład punktacji

Percentyl według liczby udzielonych odpowiedzi

Procent ludzi z każdym wynikiem

Twoja historia wyników

Nie rozwiązałeś tego quizu